LEADER 02822oas 2201033 a 450 001 9910246360203321 005 20260224110035.0 011 $a1664-221X 035 $a(DE-599)ZDB2600962-6 035 $a(OCoLC)722890825 035 $a(CONSER) 2012263206 035 $a(CKB)2940000000001596 035 $a(DE-599)2600962-6 035 $a(EXLCZ)992940000000001596 100 $a20110512a20119999 uy a 101 0 $aeng 135 $aur||||||||||| 181 $ctxt$2rdacontent 182 $cc$2rdamedia 183 $acr$2rdacarrier 200 00$aAlpine botany 210 $a[Basel, Switzerland] $cSpringer Basel AG$d©2011- 300 $aRefereed/Peer-reviewed 311 08$a1664-2201 330 $a"An international forum for studies with a particular interest in the plant ecology, vegetation and flora of mountain regions worldwide"--V. 121 (2011), p. 1. 517 1 $aAlp botany 606 $aBotany$vPeriodicals 606 $aMountain plants$vPeriodicals 606 $aBotany$zAlps Region$vPeriodicals 606 $aPlants$zAlps Region$vPeriodicals 606 $aPlant ecology$zAlps Region$vPeriodicals 606 $aAlpine regions$vPeriodicals 606 $aAlpine regions$2fast$3(OCoLC)fst00805994 606 $aBotany$2fast$3(OCoLC)fst00836869 606 $aMountain plants$2fast$3(OCoLC)fst01028290 606 $aPlant ecology$2fast$3(OCoLC)fst01065415 606 $aPlants$2fast$3(OCoLC)fst01065823 606 $aBotànica$2thub 606 $aPlantes$2thub 606 $aFlora alpina$2thub 606 $aEcologia vegetal$2thub 607 $aAlpes$vPe?riodiques 607 $aAlps Region$2fast 607 $aAlps$2thub 608 $aPeriodicals.$2fast 608 $aRevistes electṛniques.$2thub 615 0$aBotany 615 0$aMountain plants 615 0$aBotany 615 0$aPlants 615 0$aPlant ecology 615 0$aAlpine regions 615 7$aAlpine regions. 615 7$aBotany. 615 7$aMountain plants. 615 7$aPlant ecology. 615 7$aPlants. 615 7$aBotànica. 615 7$aPlantes. 615 7$aFlora alpina. 615 7$aEcologia vegetal. 712 02$aSchweizerische Botanische Gesellschaft. 801 0$bOH1 801 1$bOH1 801 2$bOH1 801 2$bVPI 801 2$bTXA 801 2$bHUL 801 2$bAU@ 801 2$bOCLCO 801 2$bUKMGB 801 2$bOCLCF 801 2$bOCLCQ 801 2$bOCLCO 801 2$bOCL 801 2$bOCLCO 801 2$bOCLCQ 801 2$bVT2 801 2$bDLC 801 2$bQGK 801 2$bSFB 801 2$bCNUTO 801 2$bKIJ 801 2$bCRU 801 2$bOCLCL 906 $aJOURNAL 912 $a9910246360203321 996 $aAlpine botany$91931266 997 $aUNINA